000 00622nam a2200193Ia 4500
003 GCL
008 140319s9999 xx 000 0 eng d
020 _a9960410811
040 _aGCL /
_cGCL
082 0 4 _a327.538
_bA P
100 1 _aALANGRI, ABDULRAHMAN NASIR
245 1 0 _aTHE PALESTINE ISSUE IN SAUDI ARABIAN FOREIGN POLICY /
_cALANGRI, ABDULRAHMAN NASIR
260 _aالرياض :
_bALANGRI, ABDULRAHMAN NASIR ،
_c2002
300 _a481 pg ؛
_c25 cm.
650 0 4 _aPALESTINE - HISTORY
650 0 4 _aARAB - ISRAIL CONFLICT, 1993
650 0 4 _aSAUDIA ARABIA - FOREIGN RELATION - PALASTINE
942 _2ddc
_cBK
999 _c7306
_d7306